US Trivia by City #3 - Statistics

General Stats
  • This quiz has been taken 28 times
  • The average score is 12 of 20
Answer Stats
Hint Answer % Correct
Waikiki Beach is a major attraction Honolulu, HI
96%
NASA mission control Houston, TX
96%
Home to over 150,000 Cubans Miami, FL
96%
"Gateway to the West" St. Louis, MO
96%
Second largest city in California San Diego, CA
93%
Mormon Tabernacle locale Salt Lake City, UT
85%
Largest city in central Alaska Fairbanks, AK
81%
"Biggest Little City in the World" Reno, NV
78%
"Red Stick" in English Baton Rouge, LA
70%
Masters golf tournament site Augusta, GA
63%
Yale University site New Haven, CT
52%
Dr. King's "March on __________" Washington, DC
52%
Smallest state capital by population Montpelier, VT
48%
Cory Booker was once mayor of this city Newark, NJ
48%
Start of the Erie Canal Albany, NY
44%
Berkshire Hathaway (and Warren Buffett) home Omaha, NE
44%
US Olympic Training Center home Colorado Springs, CO
30%
Mayo Clinic home Rochester, MN
30%
Home to Kroger and Procter and Gamble Cincinnati, OH
26%
Koch Industries is headquartered here Wichita, KS
19%
No matching quizzes found
Score Distribution
Percent of People with Each Score
Percentile by Number Answered
Your Score History
You have not taken this quiz